In "Das magische Baumhaus" besuchte US-Bundesstaaten - Statistiken

Allgemein
  • Dieses Quiz wurde 43 mal gespielt
  • Das Durchschnittsergebnis liegt bei 7 aus 9
Antworten auf der Karte
Die Antworten werden auf der Karte rot bzw. grün angezeigt, abhängig davon wie oft sie richtig erraten wurden.
 
Antwortstatistiken
Buch Bundesstaat % Korrekt
Das Rätsel der Geisterstadt, Helden im Hurrikan Texas
100%
Abenteuer in der Südsee Hawaii
95%
Gefahr in der Feuerstadt, Rettungsmission im Naturpark Kalifornien
95%
Wettlauf der Schlittenhunde Alaska
92%
Das Verwunschene Einhorn, Das Geheimnis des Zauberkünstlers, Das Große Spiel New York
92%
alle Pennsylvania
72%
Piratenspuk am Mississippi Louisiana
64%
Im Land der ersten Siedler Massachusetts
51%
Im Auge des Wirbelsturms Kansas
46%
Keine übereinstimmenden Quizze gefunden
Verteilung der Resultate
Anzahl Personen mit jedem Resultat
Perzentil nach korrekt beantworteten Fragen
Ihre Resultats-Entwicklung
Sie haben dieses Quiz noch nicht gespielt